| 000 | 00573nam a2200217 a 4500 | ||
|---|---|---|---|
| 001 | 0001-2245 | ||
| 003 | ELIB.Books | ||
| 008 | 190808 2010 eng | ||
| 020 | _a0836136101 | ||
| 092 |
_a266.001 _bShe |
||
| 100 | _aShenk, Wilbert R. | ||
| 245 | _aThe Transfiguration of Mission | ||
| 260 |
_aWaterloo _bHerald Press _c1993 |
||
| 300 |
_a256 _c20.4 cm |
||
| 650 | _aMission-Theory | ||
| 856 |
_nKBTS Library _uKBTS Elib |
||
| 942 |
_2ddc _cBK |
||
| 990 | _a2 | ||
| 998 |
_aEnglishbooks.elf _ccat _e2019-08-08 _mcat _u2020-11-19 |
||
| 999 |
_c12245 _d12245 |
||